00532nam a2200157 a 450000500170000000800410001705000190005810000140007724500270009126000370011830000130015544000290016850000300019752001350022765000120036220140414093832.0020927s19uu xx 00 eng d aVHS 900bOR 14 aTime Life aTibetbthe end of time aSingaporebTime Life Asiacc1995 a48 mins. aTime Life's Civilization anarrated by Sam Waterston aIsolated within the towering sanctuary of the Himalayas,Tibet developed a culture unique in the history of the world civilization. aHistory